<?xml version="1.0" encoding="UTF-8"?>
<record
    xmlns:xsi="http://www.w3.org/2001/XMLSchema-instance"
    xsi:schemaLocation="http://www.loc.gov/MARC21/slim http://www.loc.gov/standards/marcxml/schema/MARC21slim.xsd"
    xmlns="http://www.loc.gov/MARC21/slim">

  <leader>00535nam a2200181 a 4500</leader>
  <controlfield tag="001">BRCA_943</controlfield>
  <controlfield tag="005">20190320203221.0</controlfield>
  <controlfield tag="008">991104s1997    mx-a---###---#000-0#spa-#</controlfield>
  <datafield tag="020" ind1=" " ind2=" ">
    <subfield code="a">9687457295</subfield>
  </datafield>
  <datafield tag="040" ind1=" " ind2=" ">
    <subfield code="a">DLC</subfield>
    <subfield code="c">DLC</subfield>
    <subfield code="d">DLC</subfield>
  </datafield>
  <datafield tag="050" ind1=" " ind2="4">
    <subfield code="a">SB484.M4</subfield>
    <subfield code="b">.M49 1997</subfield>
  </datafield>
  <datafield tag="245" ind1="1" ind2="0">
    <subfield code="a">M&#xE9;xico</subfield>
    <subfield code="b">sus parques y plazas.</subfield>
  </datafield>
  <datafield tag="260" ind1=" " ind2=" ">
    <subfield code="a">[M&#xE9;xico]</subfield>
    <subfield code="b">Banco Nacional de Obras y Servicios P&#xFA;blicos</subfield>
    <subfield code="c">1997</subfield>
  </datafield>
  <datafield tag="300" ind1=" " ind2=" ">
    <subfield code="a">173 p.</subfield>
    <subfield code="b">il. (algunas a color)</subfield>
    <subfield code="c">31 cm.</subfield>
  </datafield>
  <datafield tag="650" ind1="1" ind2="4">
    <subfield code="a">Parques urbanos</subfield>
    <subfield code="z">M&#xE9;xico</subfield>
    <subfield code="9">3119</subfield>
  </datafield>
  <datafield tag="650" ind1="1" ind2="4">
    <subfield code="a">Plazas</subfield>
    <subfield code="z">M&#xE9;xico</subfield>
    <subfield code="9">3120</subfield>
  </datafield>
  <datafield tag="942" ind1=" " ind2=" ">
    <subfield code="2">lcc</subfield>
    <subfield code="c">B</subfield>
  </datafield>
  <datafield tag="999" ind1=" " ind2=" ">
    <subfield code="c">832</subfield>
    <subfield code="d">832</subfield>
  </datafield>
  <datafield tag="952" ind1=" " ind2=" ">
    <subfield code="0">0</subfield>
    <subfield code="1">0</subfield>
    <subfield code="4">0</subfield>
    <subfield code="7">0</subfield>
    <subfield code="a">BRCA</subfield>
    <subfield code="b">BRCA</subfield>
    <subfield code="d">2008-06-26</subfield>
    <subfield code="l">0</subfield>
    <subfield code="o">SB484.M4 .M49 1997</subfield>
    <subfield code="p">01433</subfield>
    <subfield code="r">2019-03-22 00:00:00</subfield>
    <subfield code="w">2019-03-22</subfield>
    <subfield code="y">B</subfield>
  </datafield>
</record>
